000 00321 a2200145 4500
001 155067
040 _cEscola São Tomás de Aquino
100 _aMARK, Jan
240 1 0 _aToo old rock and roll
_lpor
245 1 0 _aToo old rock and roll
300 _a44
362 0 _a1994
697 _aLíngua inglesa
942 _cBK
999 _c155067
_d155067